000 01190cam a2200313 4500
008 000000n1999 000 0 eng u
022 _a0307-4870
035 _a(Sirsi) u107621
050 _a711.1
_c18
110 _aJournal of Planning and Environment Law
_92913
245 _aModernising for the millennium
260 _aLondon
_bSweet & Maxwell
_c1999
300 _a53p.
_c24cm.
490 _aJournal of Planning and Environment Law Occasional Paper
_v37
505 _aJoyce, Rorry - Forward
505 _aGummer, John M.P - Keynote address
505 _aGrant, Malcolm - Regional government : the end of England?
505 _aAsh, Mike - Regional structures - coherence or conflict?
505 _aCherry, Alan H - Towards an Urban Renasissance - a report by the Urban Task Force
505 _aRoots, Guy - Compulsory purchase : unlocking the potential
505 _aNorris, Steven - Transport and sustainable cities
650 _aDEVELOPMENT
650 _aCompulsory purchase
_96228
650 _aURBAN TASK FORCE
650 _aREGENERATION
650 _aLOCAL GOVERNMENT
690 _aENVIRONMENTAL AND LAND CONSULTANCY-PLANNING AND DEVELOPMENT
942 _n0
999 _c100708
_d100708